| 000 | 00852nam a2200229Ia 4500 | ||
|---|---|---|---|
| 999 |
_c36415 _d36415 |
||
| 001 | 2329 | ||
| 003 | GE_BSU | ||
| 005 | 20190527201859.0 | ||
| 008 | 181216s2012||||ge |||||||||||||| ||geo|| | ||
| 020 | _a9789941174728 | ||
| 040 | _cGE_BSU | ||
| 041 | _ageo | ||
| 080 | _a338.48(075.8)+796.5(075.8) ჩ–12 | ||
| 100 |
_aჩაგანავა, პაატა _91685 |
||
| 245 |
_aტურიზმის პოლიტიკა / _cპაატა ჩაგანავა; რედ.როსტომ ბერიძე. |
||
| 264 |
_aთბილისი: _bუნივერსალი, _c2012. |
||
| 300 |
_a329 გვ.; _b20 სმ. |
||
| 653 | _aტურიზმი | ||
| 653 | _aტურიზმის პოლიტიკა | ||
| 700 |
_aბერიძე, როსტომ _eავტორი _91686 |
||
| 942 |
_cBK _2udc |
||